000
00286nam a2200109 4500
999
_c
10291
_d
10291
008
180811b ||||| |||| 00| 0 eng d
245
_a
Dealing with health issues.
260
_a
Philippines
_b
Manila Bulletin
_c
c2017
300
_a
page B-4.
650
0
_9
30366
_a
Health.
942
_2
ddc
_c
PER